000
00315nam a22001217a 4500
008
160506b xxu||||| |||| 00| 0 eng d
020
_a
00778923598
020
_a
0897666054
041
_a
eng
080
_a
61
245
_a
Atherosclerosis recent progress in atherosclerosis research:
942
_2
udc
_c
BK
999
_c
1855
_d
1855